Principles of Physical Chemistry with Applications to the Biological Sciences (Record no. 33910)

MARC details
000 -LEADER
fixed length control field 00511nam a2200193Ia 4500
020 ## - INTERNATIONAL STANDARD BOOK NUMBER
ISBN 0-886720-046-4
050 ## - CALL MARK
Classification number QD453.2.F73/
100 ## - STATEMENT OF RESPONSIBILITY--MAIN AUTHOR NAME
Personal name David Freifelder
245 #0 - TITLE STATEMENT
Title Principles of Physical Chemistry with Applications to the Biological Sciences
250 ## - EDITION / VOLUME STATEMENT
Edition / Volume statement 2nd ed.
260 ## - PUBLICATION, DISTRIBUTION, ETC. (IMPRINT)
Place of publication Boston
260 ## - PUBLICATION, DISTRIBUTION, ETC. (IMPRINT)
Name of publisher Jones and Bartlett Publishers, Inc.
260 ## - PUBLICATION, DISTRIBUTION, ETC. (IMPRINT)
Year of publication 1985
300 ## - PHYSICAL DESCRIPTION
Number of Pages 809 p
650 ## - SUBJECT ADDED ENTRY--TOPICAL TERM
Topical Term Chemistry
942 ## - ADDED ENTRY ELEMENTS (KOHA)
Koha item type Books
Holdings
Withdrawn status Lost status Source of classification or shelving scheme Damaged status Not for loan Permanent Location Current Location Date acquired Accession Number Price effective from Koha item type
    Library of Congress Classification     NILE UNIVERSITY OF NIGERIA - MAIN LIBRARY NILE UNIVERSITY OF NIGERIA - MAIN LIBRARY 04/23/2025 0008496 04/23/2025 Books